| 000 | 00590nam a2200217 a 4500 | ||
|---|---|---|---|
| 001 | ES-MaREB00138730-8 | ||
| 003 | OSt | ||
| 005 | 20150226170722.0 | ||
| 008 | 020226s19830000 Y *** | ||
| 020 | _a84-7178-543-9 | ||
| 040 | _cBMC | ||
| 082 | _a808.06885 | ||
| 100 | 1 |
_aRibeyro, Julio Ramón _96720 _d1929-1994 |
|
| 245 | 1 | 3 |
_aLa juventud en la otra ribera _cJulio Ramón Ribeyro |
| 250 | _a1ª ed | ||
| 260 |
_aBarcelona _bArgos Vergara _c1983 |
||
| 300 |
_a309 p. _c20 cm |
||
| 490 | 0 |
_aBiblioteca del Fénice _v15 |
|
| 650 | 2 | 4 |
_932182 _aCuentos peruanos |
| 942 |
_2ddc _cBK _hahoj |
||
| 999 |
_c19029 _d19029 |
||